UBT Library

Reader's Digest complete book of the garden / (Record no. 43860)

000 -LEADER
fixed length control field 00666nam a2200241 i 4500
001 - CONTROL NUMBER
control field 2268816
005 - DATE AND TIME OF LATEST TRANSACTION
control field 20180301083035.0
008 - FIXED-LENGTH DATA ELEMENTS--GENERAL INFORMATION
fixed length control field 780419s1977 enka 001 0 eng
010 ## - LIBRARY OF CONGRESS CONTROL NUMBER
LC control number 78300811
015 ## - NATIONAL BIBLIOGRAPHY NUMBER
National bibliography number GB77-25716
020 ## - INTERNATIONAL STANDARD BOOK NUMBER
International Standard Book Number 0340218541 (set) :
Terms of availability £4.95
040 ## - CATALOGING SOURCE
Original cataloging agency DLC
Transcribing agency DLC
Modifying agency DLC
041 ## - LANGUAGE CODE
Language code of text/sound track or separate title eng
043 ## - GEOGRAPHIC AREA CODE
Geographic area code e-uk---
080 ## - UNIVERSAL DECIMAL CLASSIFICATION NUMBER
Universal Decimal Classification number 635 ALL
082 00 - DEWEY DECIMAL CLASSIFICATION NUMBER
Classification number 635 ALL
100 ## - Rafti
Rafti 9
101 ## - Shkurtesa
Shkurtesa MJE
245 00 - TITLE STATEMENT
Title Reader's Digest complete book of the garden /
Statement of responsibility, etc [consultant editor Roy Hay, revisions editor Lizzie Boyd].
740 ## - ADDED ENTRY--UNCONTROLLED RELATED/ANALYTICAL TITLE
Uncontrolled related/analytical title Complete book of the garden.
906 ## - LOCAL DATA ELEMENT F, LDF (RLIN)
a 7
b cbc
c orignew
d 3
e ncip
f 19
g y-gencatlg
942 ## - ADDED ENTRY ELEMENTS (KOHA)
Source of classification or shelving scheme
Item type Books
Holdings
Withdrawn status Lost status Source of classification or shelving scheme Damaged status Not for loan Collection code Permanent location Current location Shelving location Date acquired Total Checkouts Full call number Barcode Date last seen Price effective from Koha item type
          Koleksioni i përgjithshem UBT - Lipjan UBT - Lipjan Koleksioni i përgjithshem 03/01/2018   635 ALL 002-3000292 03/01/2018 03/01/2018 Books
UBT Library © 2015-2024. All rights reserved University Education for Business and Technology